00933 2200205 4500001002100000005001500021008004100036020001500077035001900092041000800111082001200119084001800131100002000149245008800169260004100257300003300298500002400331520034900355650002300704INLIS00000000000362920200508202359200508||||||||| | ||| |||| ||eng|| a0764568140 0010-0520003629 aeng0 a621.384 a621.384/MCC/10 aJack McCullough00a185 Wireless Secrets : Unleash the Power of PDAs Cell Phones, and Wireless Networks aIndianapolisbWiley Publishingc2004 axxv, 379p.b:illus.;c24 cm. aIndeks : p. 361-379 aWelcome to 185 Wireless Secrets. Wireless is the hot, new buzzword fotr technologists; everything seems to be wireless, ot it soon will be. The internet promised to change our lives and revolutionize the way we work and play; now this is the promise of wireless. This book introduces you to this technology and helps you get the most out of it. 0aKomputer-Perangkat